Otázniky okolo pôvodu domácich potravín

Za posledných 25 rokov, odkedy pôsobí slovenský obchod v trhovom prostredí, zaznamenal revolučnú zmenu. Čo si všímajú Slováci na tovaroch pri nákupoch. Vzrast podielu slovenských výrobkov pri nákupoch. Problém prebaľovačov.

Saved in:
Bibliographic Details
Format: Book Chapter
Language:Slovak
Subjects:
Tags: Add Tag
No Tags, Be the first to tag this record!

MARC

LEADER 00000naa a2200000 4500
001 0196513
005 20231208070312.3
041 0 |a slo 
044 |a SK 
245 1 0 |a Otázniky okolo pôvodu domácich potravín 
520 |a Za posledných 25 rokov, odkedy pôsobí slovenský obchod v trhovom prostredí, zaznamenal revolučnú zmenu. Čo si všímajú Slováci na tovaroch pri nákupoch. Vzrast podielu slovenských výrobkov pri nákupoch. Problém prebaľovačov. 
610 2 0 |a spotrebitelia 
610 2 0 |a nákup 
610 2 0 |a Slovensko 
610 2 0 |a výrobky domáce 
610 2 0 |a potraviny